Score 0/20 Timer 03:00
1 Play Today
Hint Company % Correct
DEEXFFEDEX
85.7%
LEXORROLEX
73.4%
ICONSSONIC
68.2%
PAPELAPPLE
66.9%
SYMACMACY'S
65.2%
GUVOEVOGUE
64.2%
EXXORXEROX
63.6%
TMARKKMART
63.6%
ARSESSEARS
61%
LINTEINTEL
57.5%
Hint Company % Correct
KREMCMERCK
57.4%
HOCCACOACH
55.5%
CLAFAAFLAC
53.8%
PSTABPABST
49.9%
PIPESPEPSI
45.5%
DOHANHONDA
44.7%
COSSYSYSCO
33.6%
THREZHERTZ
33.2%
TOPECPETCO
25.8%
TIARAATARI
22.8%

You're not logged in!

Compare scores with friends on all Sporcle quizzes.
OR
Log In

Sporcle TV

Today on Sporcle TV


Watch our educational content, quiz creation guides, and fun videos on Sporcle TV.

Show Comments

Extras

Top Quizzes Today


Score Distribution

Your Account Isn't Verified!

In order to create a playlist on Sporcle, you need to verify the email address you used during registration. Go to your Sporcle Settings to finish the process.

Report this User

Report this user for behavior that violates our Community Guidelines.

Details: